| Tag |
First Indicator |
Second Indicator |
Subfields |
| LEADER |
00000cas a2200000 4500 |
| 001 |
in00000045381 |
| 005 |
20151007071229.0 |
| 008 |
760920c19719999pauuu 1uuua0eng d |
| 035 |
|
|
|a (OCoLC)02453372
|
| 035 |
|
|
|9 AAE5568AM
|
| 040 |
|
|
|a CWR
|c CWR
|d TXA
|d UtOrBLW
|
| 049 |
|
|
|a TXAE
|
| 090 |
|
|
|a TD172.5
|b .J63
|
| 111 |
2 |
|
|a Joint Conference on Sensing of Environmental Pollutants.
|
| 245 |
1 |
0 |
|a Joint Conference on Sensing of Environmental Pollutants [technical papers].
|
| 264 |
|
1 |
|a Pittsburgh :
|b Instrument Society of America.
|
| 300 |
|
|
|a volumes :
|b illustrations ;
|c 28 cm.
|
| 336 |
|
|
|a text
|b txt
|2 rdacontent
|
| 337 |
|
|
|a unmediated
|b n
|2 rdamedia
|
| 338 |
|
|
|a volume
|b nc
|2 rdacarrier
|
| 362 |
0 |
|
|a 1st- 1971-
|
| 550 |
|
|
|a Sponsored by American Chemical Society and others.
|
| 650 |
|
0 |
|a Pollution
|x Measurement
|v Congresses.
|
| 710 |
2 |
|
|a Instrument Society of America.
|
| 710 |
2 |
|
|a American Chemical Society.
|
| 711 |
2 |
|
|a Conference on Sensing of Environmental Pollutants.
|
| 999 |
|
|
|a MARS
|
| 999 |
f |
f |
|s 12ee86da-99b8-351e-a6f8-af60181cfdc1
|i 6b25cdde-48a4-3826-894d-f6b93b475071
|t 0
|
| 952 |
f |
f |
|p ric
|a Texas A&M University
|b Rellis Campus
|c Joint Library Facility
|d Remote Storage
|t 0
|e TD172.5 .J63
|h Library of Congress classification
|i unmediated -- volume
|k 4th
|l 1977
|m A14805357247
|
| 952 |
f |
f |
|p ric
|a Texas A&M University
|b Rellis Campus
|c Joint Library Facility
|d Remote Storage
|t 0
|e TD172.5 .J63
|h Library of Congress classification
|i unmediated -- volume
|k 2nd
|l 1973
|m A14805357239
|
| 952 |
f |
f |
|p ric
|a Texas A&M University
|b Rellis Campus
|c Joint Library Facility
|d Remote Storage
|t 0
|e TD172.5 .J63
|h Library of Congress classification
|i unmediated -- volume
|k 1st
|l 1971
|m A14851129016
|
| 998 |
f |
f |
|a TD172.5 .J63
|s 4th (1977)
|t 0
|l Remote Storage
|